000 00507cam a22001578a 4500
020 _a9780826428578
020 _a0826428576
040 _cDLC
082 0 0 _a782 PCI 2001 C148 Or.
100 1 _aThomson, Graeme
245 1 0 _aI shot a man in Reno :
_ba history of death by murder, suicide, fire, flood, drugs, disease, and general misadventure, as related in popular song /
300 _axvii, 253 pages :
_billustrations ;
_c22 cm.
650 0 _aPopular music
650 0 _aDeath in music
942 _cAEDBB
999 _c18604
_d18604